Hospodárska kríza a vývoj verejného dlhu Slovenskej Republiky

Porovnanie potenciálnej výšky verejného dlhu bez vplyvu finančnej a hospodárskej krízy s reálnym stavom verejného dlhu v roku 2010. Dve kľúčové zložky verejného dlhu - cenné papiere a bankové úvery. Vplyv ostatných faktorov, ktoré sa rovnako podieľali na negatívnom vývoji verejného dlhu ale nižšo...

Ausführliche Beschreibung

Gespeichert in:
Bibliographische Detailangaben
1. Verfasser: Arvajovičová, Kristína
Format: Buchkapitel
Sprache:Slowakisch
Schlagworte:
Tags: Tag hinzufügen
Keine Tags, Fügen Sie das erste Tag hinzu!

MARC

LEADER 00000nla$a2200000$$$4500
001 0135718
005 20221103134528.5
041 0 |a slo 
044 |a SK 
245 1 0 |a Hospodárska kríza a vývoj verejného dlhu Slovenskej Republiky  |c Kristína Arvajovičová 
520 |a Porovnanie potenciálnej výšky verejného dlhu bez vplyvu finančnej a hospodárskej krízy s reálnym stavom verejného dlhu v roku 2010. Dve kľúčové zložky verejného dlhu - cenné papiere a bankové úvery. Vplyv ostatných faktorov, ktoré sa rovnako podieľali na negatívnom vývoji verejného dlhu ale nižšou mierou ako kríza. 
610 2 0 |a kríza hospodárska 
610 2 0 |a kríza finančná 
610 2 0 |a dlhy verejné 
610 2 0 |a dlhy štátne 
610 2 0 |a zadlženosť 
610 2 0 |a financie štátne 
610 2 0 |a financie verejné 
610 2 0 |a pôžičky štátne 
610 2 0 |a pôžičky verejné 
610 2 0 |a rozpočet štátny 
610 2 0 |a politika finančná 
100 1 |a Arvajovičová, Kristína